[Event "European Senior Teams Chess Championshi"]
[Site "Rogaska Slatina"]
[Date "2012.03.27"]
[Round "1.11"]
[White "Westerinen, Heikki M J"]
[Black "Van Geffen, Ben"]
[Result "1-0"]
[WhiteElo "2325"]
[BlackElo "2113"]
[PlyCount "83"]
[EventDate "2012.03.27"]
[WhiteTeam "FIN 1"]
[BlackTeam "NED - ORANJE"]

1. e4 c5 2. Nf3 g6 3. c3 d5 4. exd5 Qxd5 5. d4 Bg7 6. Be3 cxd4 7. cxd4 Nf6 8.
Nc3 Qa5 9. Ne5 O-O 10. Qf3 Nc6 11. Nxc6 bxc6 12. Qxc6 Bd7 13. Qc5 Qxc5 14. dxc5
Ng4 15. O-O-O Be6 16. Ba6 Nxe3 17. fxe3 Bc8 18. Bxc8 Rfxc8 19. Na4 Rc7 20. Rd3
Be5 21. h3 Rb8 22. b3 Rb5 23. Kd2 Kg7 24. Rc1 f5 25. Rc4 Kf6 26. Nc3 Bxc3+ 27.
Rdxc3 g5 28. b4 a5 29. a3 h5 30. Rd4 Ke5 31. Kd3 e6 32. Kc4 Rb8 33. Rd6 axb4
34. axb4 g4 35. b5 gxh3 36. gxh3 Rbc8 37. Kb4 Rg7 38. b6 Rg1 39. b7 Rb1+ 40.
Rb3 Rxb3+ 41. Kxb3 Rb8 42. Rd7 1-0

[Event "European Senior Teams Chess Championshi"]
[Site "Rogaska Slatina"]
[Date "2012.03.27"]
[Round "1.11"]
[White "Mostertman, Loek"]
[Black "Kanko, Ilkka"]
[Result "1/2-1/2"]
[WhiteElo "2058"]
[BlackElo "2250"]
[PlyCount "96"]
[EventDate "2012.03.27"]
[WhiteTeam "NED - ORANJE"]
[BlackTeam "FIN 1"]

1. e4 c5 2. d4 cxd4 3. Nf3 Nc6 4. c3 Nf6 5. e5 Nd5 6. Bc4 Nb6 7. Bb3 d5 8. exd6
Qxd6 9. O-O Bf5 10. cxd4 e6 11. Nc3 Be7 12. a4 O-O 13. a5 Nd5 14. Nxd5 exd5 15.
Ne5 Nb4 16. g4 Be6 17. f4 f6 18. Nd3 Nxd3 19. Qxd3 Bxg4 20. f5 Rad8 21. Kh1 Qa6
22. Qxa6 bxa6 23. Bd2 g6 24. Rae1 Rf7 25. Bc2 Bxf5 26. Bxf5 gxf5 27. Re6 Rb8
28. Bc3 Bb4 29. Rxf5 Bxc3 30. bxc3 Rb1+ 31. Kg2 Rb2+ 32. Rf2 Rg7+ 33. Kf3 Rb3
34. Kf4 Rxc3 35. Rb2 Rc8 36. Rxa6 Re7 37. Rxf6 Kg7 38. Rf5 Re4+ 39. Kg5 Rxd4
40. Rb7+ Kg8 41. Rff7 Rd2 42. Rg7+ Kf8 43. Rxh7 Rg2+ 44. Kf6 Rc6+ 45. Ke5 Kg8
46. Kxd5 Rcc2 47. Rxa7 Rgd2+ 48. Ke4 Re2+ 1/2-1/2

[Event "European Senior Teams Chess Championshi"]
[Site "Rogaska Slatina"]
[Date "2012.03.27"]
[Round "1.11"]
[White "Hurme, Harri"]
[Black "Arp, Frans"]
[Result "1-0"]
[WhiteElo "2184"]
[BlackElo "2070"]
[PlyCount "71"]
[EventDate "2012.03.27"]
[WhiteTeam "FIN 1"]
[BlackTeam "NED - ORANJE"]

1. d4 Nf6 2. c4 g6 3. Nc3 Bg7 4. e4 d6 5. Nge2 O-O 6. Ng3 e5 7. d5 h6 8. Be2 c6
9. h4 cxd5 10. cxd5 Na6 11. h5 g5 12. Be3 Nxe4 13. Ngxe4 f5 14. O-O fxe4 15.
Nxe4 b6 16. Qa4 Nc5 17. Bxc5 bxc5 18. Qc6 Bf5 19. Ng3 e4 20. Rae1 Bd4 21. Bd1
Qb6 22. Nxf5 Qxc6 23. Ne7+ Kg7 24. Nxc6 Rfe8 25. Bg4 e3 26. Nxd4 exf2+ 27. Kxf2
cxd4 28. Be6 Rab8 29. b3 a5 30. Kg3 Re7 31. Rf3 Rb4 32. Ref1 a4 33. bxa4 Rxa4
34. Rf8 Rxa2 35. Rg8+ Kh7 36. Rff8 1-0

[Event "European Senior Teams Chess Championshi"]
[Site "Rogaska Slatina"]
[Date "2012.03.27"]
[Round "1.11"]
[White "Montsma, Foppe-Jan"]
[Black "Morant, Paul"]
[Result "1/2-1/2"]
[WhiteElo "1949"]
[BlackElo "2167"]
[PlyCount "65"]
[EventDate "2012.03.27"]
[WhiteTeam "NED - ORANJE"]
[BlackTeam "FIN 1"]

1. e4 c5 2. Nc3 Nc6 3. g3 d6 4. Bg2 Nf6 5. d3 Bg4 6. Nf3 g6 7. h3 Bxf3 8. Bxf3
Bg7 9. O-O O-O 10. Bg5 Nd7 11. Qd2 Nd4 12. Bg2 Ne5 13. f4 Nec6 14. f5 Qd7 15.
f6 Bh8 16. Nd5 e6 17. Ne3 Rfc8 18. a4 Ne5 19. Qd1 Qd8 20. Nc4 Nxc4 21. dxc4 e5
22. h4 Rc7 23. c3 Ne6 24. Qf3 Rc6 25. Bh3 Nc7 26. h5 Rb6 27. hxg6 hxg6 28. Rf2
Ne8 29. Raf1 d5 30. cxd5 Bxf6 31. Be3 Ra6 32. Qd1 Qe7 33. Qd2 1/2-1/2

[Event "European Senior Teams Chess Championshi"]
[Site "Rogaska Slatina"]
[Date "2012.03.27"]
[Round "1.12"]
[White "Andersson, Sven-Olof"]
[Black "Petersson, Gosta"]
[Result "1/2-1/2"]
[WhiteElo "2037"]
[BlackElo "2163"]
[PlyCount "87"]
[EventDate "2012.03.27"]
[WhiteTeam "SWE 3"]
[BlackTeam "SWE 1"]

1. d4 d5 2. Nf3 Nf6 3. g3 c6 4. Bg2 Bf5 5. O-O e6 6. b3 Be7 7. Bb2 Nbd7 8. Nbd2
Ne4 9. Nxe4 Bxe4 10. Nd2 Bxg2 11. Kxg2 O-O 12. e3 Bf6 13. c4 Re8 14. Nf3 Qa5
15. Qd2 Qxd2 16. Nxd2 Rad8 17. cxd5 cxd5 18. Rac1 Rc8 19. Rxc8 Rxc8 20. Rc1
Rxc1 21. Bxc1 Be7 22. Kf3 Kf8 23. Nb1 b5 24. h3 Ke8 25. Ke2 Nb8 26. Ba3 b4 27.
Bb2 Nc6 28. Kd3 f6 29. f3 Bd6 30. f4 Kd7 31. Nd2 Ne7 32. g4 Nc8 33. Nf3 Nb6 34.
Bc1 a5 35. e4 dxe4+ 36. Kxe4 Nd5 37. Bd2 Kc6 38. Ne1 f5+ 39. gxf5 Nf6+ 40. Kd3
exf5 41. Kc4 Ne4 42. d5+ Kc7 43. Be3 h6 44. Nf3 1/2-1/2

[Event "European Senior Teams Chess Championshi"]
[Site "Rogaska Slatina"]
[Date "2012.03.27"]
[Round "1.12"]
[White "Nordstrom, Felix"]
[Black "Johansson, Per"]
[Result "1-0"]
[WhiteElo "2160"]
[BlackElo "2031"]
[PlyCount "91"]
[EventDate "2012.03.27"]
[WhiteTeam "SWE 1"]
[BlackTeam "SWE 3"]

1. d4 d5 2. c4 c6 3. Nf3 Nf6 4. e3 g6 5. Nc3 Bg7 6. Qb3 O-O 7. Bd2 Qb6 8. Qa3
Bf5 9. Be2 Ne4 10. cxd5 Nxc3 11. Bxc3 cxd5 12. Qxe7 Nc6 13. Qa3 a5 14. O-O Rfc8
15. Qa4 Bf8 16. Rfc1 Nb4 17. Qd1 a4 18. a3 Nc6 19. Qd2 Na5 20. Bxa5 Rxc1+ 21.
Rxc1 Rxa5 22. Ne1 Kg7 23. Qc3 Ra8 24. g4 Be6 25. Nd3 Qd8 26. Nc5 Bd6 27. Nxb7
Bxh2+ 28. Kxh2 Qh4+ 29. Kg1 Bxg4 30. Bxg4 Qxg4+ 31. Kf1 Re8 32. Nc5 h5 33. Nd3
Rb8 34. Nb4 h4 35. Qc7 Re8 36. Qh2 h3 37. Qg3 Qh5 38. Kg1 Re4 39. Kh2 Qe2 40.
Nxd5 Rg4 41. Nf4 Qxb2 42. Qxg4 Qxc1 43. Nxh3 Qxa3 44. Qf4 Qb3 45. Qe5+ Kf8 46.
d5 1-0

[Event "European Senior Teams Chess Championshi"]
[Site "Rogaska Slatina"]
[Date "2012.03.27"]
[Round "1.13"]
[White "Rodriguez Vargas, Orestes"]
[Black "Baumbach, Friedrich Dr"]
[Result "0-1"]
[WhiteElo "2403"]
[BlackElo "2258"]
[PlyCount "80"]
[EventDate "2012.03.27"]
[WhiteTeam "ESP - CATALONIA"]
[BlackTeam "GER - STIFTUNG BSW/DBAG"]

1. c4 Nf6 2. Nc3 d5 3. d4 e6 4. cxd5 exd5 5. Bg5 Be7 6. e3 c6 7. Qc2 Nbd7 8.
Bd3 Nf8 9. Nf3 Ne6 10. Bh4 g6 11. O-O Ng7 12. Rad1 Bf5 13. Bxf5 Nxf5 14. Bxf6
Bxf6 15. e4 dxe4 16. Qxe4+ Qe7 17. Rfe1 O-O-O 18. g4 Qxe4 19. Rxe4 Nd6 20. Re2
Rhe8 21. Ne5 Bg7 22. f4 f6 23. Nf3 Bh6 24. Rxe8 Rxe8 25. g5 fxg5 26. Nxg5 Rf8
27. Ne2 Bxg5 28. fxg5 Rf5 29. h4 Rf3 30. Kg2 Re3 31. Ng3 Kd7 32. Kf2 Re7 33. b3
Ne4+ 34. Nxe4 Rxe4 35. h5 gxh5 36. d5 c5 37. Rd3 Rf4+ 38. Ke3 Rg4 39. Rd2 Rxg5
40. Ke4 Kd6 0-1

[Event "European Senior Teams Chess Championshi"]
[Site "Rogaska Slatina"]
[Date "2012.03.27"]
[Round "1.13"]
[White "Fleuch, Hans-Juergen"]
[Black "Garriga Nualart, Josep"]
[Result "0-1"]
[WhiteElo "2078"]
[BlackElo "2319"]
[PlyCount "50"]
[EventDate "2012.03.27"]
[WhiteTeam "GER - STIFTUNG BSW/DBAG"]
[BlackTeam "ESP - CATALONIA"]

1. e4 e5 2. Nf3 Nc6 3. Bb5 f5 4. d3 fxe4 5. dxe4 Nf6 6. O-O d6 7. Qd3 Bg4 8.
Bg5 Be7 9. Nbd2 Qd7 10. h3 Be6 11. Bc4 Nd8 12. Rad1 O-O 13. Qb3 Kh8 14. Bxe6
Qxe6 15. Qxe6 Nxe6 16. Be3 h6 17. Nh4 Kh7 18. Nf5 Rf7 19. g4 Bf8 20. f3 g6 21.
Ng3 h5 22. g5 h4 23. Nf5 gxf5 24. exf5 Nxg5 25. Bxg5 Rg7 0-1

[Event "European Senior Teams Chess Championshi"]
[Site "Rogaska Slatina"]
[Date "2012.03.27"]
[Round "1.13"]
[White "Monedero Gonzalez, Josep"]
[Black "Mai, Hartmut"]
[Result "1-0"]
[WhiteElo "2104"]
[BlackElo "1937"]
[PlyCount "135"]
[EventDate "2012.03.27"]
[WhiteTeam "ESP - CATALONIA"]
[BlackTeam "GER - STIFTUNG BSW/DBAG"]

1. d4 d5 2. Nf3 Nf6 3. e3 c6 4. Bd3 Bg4 5. Nbd2 Nbd7 6. c4 e6 7. Qc2 Bh5 8. b3
Be7 9. Bb2 Bg6 10. O-O Bxd3 11. Qxd3 O-O 12. e4 dxe4 13. Nxe4 Nxe4 14. Qxe4 Re8
15. Rad1 Qc7 16. Rfe1 Rad8 17. Bc3 Nf6 18. Qe3 Bd6 19. Ne5 Nd7 20. c5 Bf8 21.
Nc4 Rc8 22. Qf3 Nf6 23. Ba5 Qd7 24. Re5 Nd5 25. Rh5 b6 26. cxb6 axb6 27. Nxb6
Nxb6 28. Bxb6 Qb7 29. Bc5 Qa6 30. Bxf8 Rxf8 31. Qd3 Qxd3 32. Rxd3 Rfd8 33. Rc5
f6 34. f4 Kf7 35. Kf2 Ke7 36. Ke3 Kd6 37. Rdc3 Rd7 38. b4 Rdc7 39. Ke4 Ra8 40.
a3 Raa7 41. f5 exf5+ 42. Kxf5 Rab7 43. Rb3 Ra7 44. Rbc3 Rab7 45. Ke4 Re7+ 46.
Kf3 Rb6 47. Re3 Rxe3+ 48. Kxe3 Ra6 49. Rc3 Kd5 50. Kd3 Ra7 51. Rc5+ Kd6 52. Ra5
Re7 53. a4 Rb7 54. Kc4 Re7 55. Ra6 Re2 56. b5 Rxg2 57. Rxc6+ Kd7 58. a5 Rxh2
59. a6 Ra2 60. Rb6 g5 61. Rxf6 Ke7 62. Rh6 g4 63. Rxh7+ Kf6 64. Rh1 g3 65. Rg1
g2 66. Kc5 Ke7 67. Kb6 Kd7 68. a7 1-0

[Event "European Senior Teams Chess Championshi"]
[Site "Rogaska Slatina"]
[Date "2012.03.27"]
[Round "1.13"]
[White "Fernengel, Rudolf"]
[Black "Sanz Bastos, Fernando"]
[Result "0-1"]
[WhiteElo "1833"]
[BlackElo "2058"]
[PlyCount "62"]
[EventDate "2012.03.27"]
[WhiteTeam "GER - STIFTUNG BSW/DBAG"]
[BlackTeam "ESP - CATALONIA"]

1. d4 f5 2. g3 Nf6 3. Bg2 e6 4. c4 Be7 5. Nc3 O-O 6. e3 d6 7. Qb3 Nc6 8. Nge2
Kh8 9. a3 e5 10. d5 Nb8 11. Qd1 Nbd7 12. b4 Qe8 13. Nb5 Bd8 14. Nbc3 Qg6 15.
Qc2 a5 16. Rb1 axb4 17. axb4 Nh5 18. Nb5 e4 19. Nf4 Nxf4 20. exf4 c5 21. dxc6
bxc6 22. Nc3 Bb7 23. Be3 Bf6 24. Rd1 Ra3 25. Nb1 Raa8 26. Nc3 Rfe8 27. Ke2 d5
28. cxd5 cxd5 29. Bd4 Bxd4 30. Rxd4 Nf8 31. Rhd1 Ne6 0-1

[Event "European Senior Teams Chess Championshi"]
[Site "Rogaska Slatina"]
[Date "2012.03.27"]
[Round "1.14"]
[White "Opl, Klaus"]
[Black "Hellwege, Werner"]
[Result "1-0"]
[WhiteElo "2287"]
[BlackElo "2029"]
[PlyCount "45"]
[EventDate "2012.03.27"]
[WhiteTeam "AUT - WIEN 1"]
[BlackTeam "GER - FREIBAUER"]

1. e4 c5 2. Nf3 g6 3. d4 Bg7 4. dxc5 Qc7 5. Nc3 Qxc5 6. Nd5 Qa5+ 7. Bd2 Qd8 8.
Bc3 Bxc3+ 9. Nxc3 Nc6 10. Qd2 d6 11. h3 Bd7 12. Be2 h5 13. O-O-O Nf6 14. Rhe1
Qa5 15. Kb1 Rc8 16. Bc4 Qc5 17. Bb3 O-O 18. Qh6 Nh7 19. Qxg6+ Kh8 20. Bxf7 Be8
21. Bxe8 Rfxe8 22. Rd5 Qxf2 23. Rxh5 1-0

[Event "European Senior Teams Chess Championshi"]
[Site "Rogaska Slatina"]
[Date "2012.03.27"]
[Round "1.14"]
[White "Juergens, Peter"]
[Black "Dueckstein, Andreas"]
[Result "1/2-1/2"]
[WhiteElo "1993"]
[BlackElo "2221"]
[PlyCount "84"]
[EventDate "2012.03.27"]
[WhiteTeam "GER - FREIBAUER"]
[BlackTeam "AUT - WIEN 1"]

1. d4 Nf6 2. Nf3 e6 3. Bf4 c5 4. c3 Nc6 5. e3 b6 6. Bd3 Bb7 7. O-O Be7 8. h3
O-O 9. Nbd2 d5 10. Ne5 Nd7 11. Ndf3 f5 12. Nxd7 Qxd7 13. Bb5 Bf6 14. Be5 a6 15.
Bxc6 Bxc6 16. Bxf6 gxf6 17. Nh4 Kh8 18. f4 Rg8 19. Qf3 Qg7 20. Kh2 Qh6 21. g3
Ra7 22. Rg1 Bb5 23. Rad1 Be8 24. Qf2 Bh5 25. Nf3 Qf8 26. Rdf1 Qe8 27. Rg2 Rag7
28. Rfg1 Qb5 29. Ne1 Rg6 30. a3 Rh6 31. Qf1 Bg4 32. h4 Rhg6 33. Qd3 c4 34. Qd2
Rh6 35. Rh1 Qe8 36. Qf2 Qh5 37. Kg1 Rhg6 38. Rhh2 Bd1 39. Kf1 Rg4 40. Kg1 R4g7
41. Kf1 Rg4 42. Kg1 R4g7 1/2-1/2

[Event "European Senior Teams Chess Championshi"]
[Site "Rogaska Slatina"]
[Date "2012.03.27"]
[Round "1.14"]
[White "Strobel, Ferdinand"]
[Black "Fritsch, Juergen Dr"]
[Result "1-0"]
[WhiteElo "2129"]
[BlackElo "1979"]
[PlyCount "92"]
[EventDate "2012.03.27"]
[WhiteTeam "AUT - WIEN 1"]
[BlackTeam "GER - FREIBAUER"]

1. f4 d5 2. Nf3 Nf6 3. g3 Bf5 4. d3 e6 5. Bg2 Bc5 6. e3 c6 7. O-O Nbd7 8. Qe1
O-O 9. h3 h6 10. Kh1 Qb6 11. Nc3 Bb4 12. Bd2 Bxc3 13. Bxc3 Rfe8 14. g4 Bg6 15.
Qg3 c5 16. b3 Qd6 17. Ne5 Rad8 18. Bf3 Nf8 19. h4 d4 20. Bd2 Qb8 21. e4 N6d7
22. h5 Bh7 23. Rg1 f6 24. Nc4 e5 25. g5 hxg5 26. fxg5 fxg5 27. Bxg5 Ne6 28.
Bxd8 Qxd8 29. Nd6 Re7 30. Nf5 Bxf5 31. exf5 Nf4 32. h6 Rf7 33. hxg7 Qf6 34. Qh2
Rxg7 35. Rxg7+ Kxg7 36. Rg1+ Kf8 37. Qh7 Ke8 38. Rg8+ Nf8 39. Bh5+ Kd8 40. Bf7
Qc6+ 41. Kh2 Kc7 42. Qg7 Nd7 43. Be8 Qd5 44. Bxd7 Qxd7 45. Qxd7+ Kxd7 46. Rg7+
Kc6 1-0

[Event "European Senior Teams Chess Championshi"]
[Site "Rogaska Slatina"]
[Date "2012.03.27"]
[Round "1.15"]
[White "Bonner, Gerald"]
[Black "Scowen, Roger S"]
[Result "0-1"]
[WhiteElo "2197"]
[BlackElo "1943"]
[PlyCount "96"]
[EventDate "2012.03.27"]
[WhiteTeam "SCO 1"]
[BlackTeam "ENG 3"]

1. d4 d5 2. Nf3 Nf6 3. e3 c6 4. Bd3 Bg4 5. Nbd2 Nbd7 6. h3 Bh5 7. c4 e6 8. Qb3
Qb6 9. c5 Qxb3 10. axb3 Be7 11. b4 Bg6 12. Be2 O-O 13. O-O b6 14. b5 cxb5 15.
c6 Nb8 16. Bxb5 Bd6 17. b3 Rc8 18. Ba3 Ne8 19. Rfc1 Bxa3 20. Rxa3 Nd6 21. Ba6
Rxc6 22. Rxc6 Nxc6 23. Ne5 Nb4 24. Ra4 Nxa6 25. Rxa6 Nb5 26. Kf1 f6 27. Nxg6
hxg6 28. Ke2 Rc8 29. b4 Rc2 30. Kd1 Rb2 31. Kc1 Rxb4 32. Kc2 Kf8 33. Nb1 Rc4+
34. Kb2 Rc7 35. Na3 Nxa3 36. Kxa3 Ke7 37. Kb4 Kd7 38. Kb5 Kc8 39. Ra3 Kb7 40.
f3 Rc2 41. g4 a6+ 42. Kb4 Rc4+ 43. Kb3 b5 44. Ra1 Kb6 45. f4 a5 46. h4 b4 47.
Re1 Kb5 48. h5 a4+ 0-1

[Event "European Senior Teams Chess Championshi"]
[Site "Rogaska Slatina"]
[Date "2012.03.27"]
[Round "1.15"]
[White "Wood, Peter R"]
[Black "Borwell, Alan P"]
[Result "1/2-1/2"]
[WhiteElo "1890"]
[BlackElo "2085"]
[PlyCount "48"]
[EventDate "2012.03.27"]
[WhiteTeam "ENG 3"]
[BlackTeam "SCO 1"]

1. e4 c5 2. Nc3 e6 3. g3 d5 4. exd5 exd5 5. d4 Nf6 6. Bg5 Be7 7. Bg2 cxd4 8.
Bxf6 Bxf6 9. Nxd5 O-O 10. Ne2 Nc6 11. O-O Bg4 12. h3 Bxe2 13. Qxe2 Re8 14.
Nxf6+ Qxf6 15. Qd2 Rad8 16. Rfe1 h6 17. b3 a6 18. a4 Kh7 19. Rad1 g6 20. Rxe8
Rxe8 21. Bxc6 Qxc6 22. Qxd4 Qxc2 23. Qd5 Re7 24. Kg2 Qc7 1/2-1/2

[Event "European Senior Teams Chess Championshi"]
[Site "Rogaska Slatina"]
[Date "2012.03.27"]
[Round "1.16"]
[White "Gustavsson, Sture"]
[Black "Gundersen, Helge"]
[Result "1/2-1/2"]
[WhiteElo "2018"]
[BlackElo "2223"]
[PlyCount "47"]
[EventDate "2012.03.27"]
[WhiteTeam "SWE 4"]
[BlackTeam "NOR 1"]

1. d4 e6 2. Nf3 f5 3. d5 Be7 4. dxe6 dxe6 5. Qxd8+ Bxd8 6. Nc3 Nc6 7. a3 Nf6 8.
e3 O-O 9. Bc4 Kh8 10. O-O h6 11. b4 Ng4 12. Bb2 Bf6 13. Na4 Nge5 14. Nxe5 Nxe5
15. Be2 b6 16. c4 Bb7 17. Rfd1 Rad8 18. Bd4 Be4 19. Rac1 Nd7 20. Bxf6 Nxf6 21.
Nc3 Bc6 22. h3 Ne4 23. Nxe4 Bxe4 24. c5 1/2-1/2

[Event "European Senior Teams Chess Championshi"]
[Site "Rogaska Slatina"]
[Date "2012.03.27"]
[Round "1.16"]
[White "Ofstad, Per"]
[Black "Ohrn, Stellan"]
[Result "1-0"]
[WhiteElo "2190"]
[BlackElo "1997"]
[PlyCount "101"]
[EventDate "2012.03.27"]
[WhiteTeam "NOR 1"]
[BlackTeam "SWE 4"]

1. e4 c6 2. d4 d5 3. Nd2 dxe4 4. Nxe4 Bf5 5. Ng3 Bg6 6. Nf3 Nd7 7. h4 h6 8. Bd3
Bxd3 9. Qxd3 e6 10. Bf4 Qa5+ 11. Bd2 Qc7 12. O-O-O Ngf6 13. Rhe1 O-O-O 14. Ne4
c5 15. g3 Nxe4 16. Rxe4 Nf6 17. Ree1 cxd4 18. Nxd4 e5 19. Qf5+ Nd7 20. Nb5 Qc4
21. Nc3 g6 22. Qh3 f5 23. h5 Qe6 24. hxg6 Qxg6 25. Qf1 Bc5 26. Be3 Bxe3+ 27.
Rxe3 Qg5 28. f4 exf4 29. gxf4 Qg8 30. Qb5 Qf7 31. Red3 Nb6 32. Qc5+ Qc7 33.
Qxf5+ Kb8 34. Nb5 Rdf8 35. Qxf8+ Rxf8 36. Nxc7 Kxc7 37. Rh3 Rxf4 38. Rxh6 Rf7
39. b3 Nd7 40. Rd5 Nb8 41. Rdh5 Rf1+ 42. Kb2 Nd7 43. Rh7 Rd1 44. R5h6 Kc8 45.
a4 Rd2 46. Rg7 Kc7 47. Rh3 Rd6 48. Rc3+ Kb6 49. Rd3 Kc6 50. Kc3 Kc5 51. Rxd7
1-0

[Event "European Senior Teams Chess Championshi"]
[Site "Rogaska Slatina"]
[Date "2012.03.27"]
[Round "1.16"]
[White "Sandklef, Ake"]
[Black "Harestad, Thor Geir"]
[Result "0-1"]
[WhiteElo "1993"]
[BlackElo "2175"]
[PlyCount "58"]
[EventDate "2012.03.27"]
[WhiteTeam "SWE 4"]
[BlackTeam "NOR 1"]

1. d4 Nf6 2. c4 c5 3. d5 b5 4. Nd2 bxc4 5. e4 d6 6. Bxc4 g6 7. Ne2 Bg7 8. Bb5+
Nbd7 9. Nc3 O-O 10. Bxd7 Nxd7 11. f4 Ba6 12. Ne2 Rb8 13. Nb3 f5 14. exf5 Rxf5
15. g4 Rf7 16. O-O Bc4 17. Rf2 Nf6 18. Nc3 Qd7 19. Rg2 e6 20. dxe6 Qxe6 21. Nd2
Bd3 22. Nf3 c4 23. Ng5 Qe8 24. Nxf7 Kxf7 25. f5 Ne4 26. Nd5 Qe5 27. Nf4 Qd4+
28. Kh1 Nf2+ 29. Rxf2 Be4+ 0-1

[Event "European Senior Teams Chess Championshi"]
[Site "Rogaska Slatina"]
[Date "2012.03.27"]
[Round "1.16"]
[White "Hjertenes, Oystein"]
[Black "Nilsson, Weine"]
[Result "0-1"]
[WhiteElo "2115"]
[BlackElo "1965"]
[PlyCount "118"]
[EventDate "2012.03.27"]
[WhiteTeam "NOR 1"]
[BlackTeam "SWE 4"]

1. Nf3 Nf6 2. g3 d5 3. c4 c6 4. Bg2 g6 5. b3 Bg7 6. Bb2 dxc4 7. bxc4 Qb6 8. Bd4
c5 9. Bc3 Nc6 10. O-O O-O 11. d3 Qc7 12. Na3 a6 13. Rb1 e5 14. Nd2 Bg4 15. h3
Be6 16. Nc2 Rfd8 17. Qc1 Rab8 18. Re1 b5 19. cxb5 axb5 20. a3 Nd5 21. Ba1 Bh6
22. e3 Na5 23. Kh2 c4 24. dxc4 bxc4 25. Nb4 Bf8 26. Nxd5 Bxd5 27. Rxb8 Qxb8 28.
Qc3 Bxg2 29. Kxg2 Qb5 30. Nf3 f6 31. Bb2 Rd3 32. Qc2 Qb3 33. Rc1 Bxa3 34. Bxa3
Qxc2 35. Rxc2 Rxa3 36. Kf1 Kf7 37. Nd2 Ra4 38. Ne4 Ke7 39. Ke2 f5 40. Nc3 Ra3
41. Kd2 Ke6 42. Rb2 Nb3+ 43. Kc2 Ra1 44. Rb1 Rxb1 45. Kxb1 e4 46. Kc2 g5 47.
Ne2 Nc5 48. h4 h6 49. hxg5 hxg5 50. Kc3 Nd3 51. Kxc4 Nxf2 52. Kd4 Nd3 53. g4
Nf2 54. gxf5+ Kxf5 55. Kd5 Kg4 56. Ke5 Kf3 57. Ng1+ Kxe3 58. Kf5 g4 59. Kg5
Nh3+ 0-1

[Event "European Senior Teams Chess Championshi"]
[Site "Rogaska Slatina"]
[Date "2012.03.27"]
[Round "1.17"]
[White "Stebbings, Anthony J"]
[Black "Palmo, Pentti"]
[Result "1-0"]
[WhiteElo "2241"]
[BlackElo "2064"]
[PlyCount "73"]
[EventDate "2012.03.27"]
[WhiteTeam "ENG 1"]
[BlackTeam "FIN - TURKU"]

1. e4 e6 2. d4 d5 3. Nd2 Nf6 4. e5 Nfd7 5. f4 c5 6. c3 Nc6 7. Ndf3 Qb6 8. g3
cxd4 9. cxd4 Bb4+ 10. Kf2 f6 11. Kg2 Be7 12. Bd3 Nf8 13. Ne2 Bd7 14. a3 O-O-O
15. h4 Kb8 16. b4 h5 17. Be3 Be8 18. Qb1 fxe5 19. fxe5 Rc8 20. Rc1 Nd8 21. Nc3
Nf7 22. Qb3 Qd8 23. Nb5 Bxb5 24. Rxc8+ Kxc8 25. Bxb5 g5 26. Qa4 Kb8 27. Be8 g4
28. Bxf7 gxf3+ 29. Kxf3 Nd7 30. Bxe6 Nb6 31. Qc2 Bxh4 32. gxh4 Qxh4 33. Qf5 Qe7
34. Rg1 Rf8 35. Rg8 Rxg8 36. Bxg8 a5 37. Qf4 1-0

[Event "European Senior Teams Chess Championshi"]
[Site "Rogaska Slatina"]
[Date "2012.03.27"]
[Round "1.17"]
[White "Alkkiomaki, Jyrki"]
[Black "James, Geoffrey H"]
[Result "0-1"]
[WhiteElo "2033"]
[BlackElo "2215"]
[PlyCount "74"]
[EventDate "2012.03.27"]
[WhiteTeam "FIN - TURKU"]
[BlackTeam "ENG 1"]

1. e4 e5 2. Nf3 Nc6 3. Bb5 a6 4. Ba4 d6 5. Bxc6+ bxc6 6. d4 f6 7. Be3 Ne7 8.
Nc3 Be6 9. Qe2 Ng6 10. O-O-O Be7 11. dxe5 fxe5 12. h4 h5 13. Ng5 Bxg5 14. hxg5
Bg4 15. f3 Be6 16. Qd2 Qd7 17. g3 O-O-O 18. Na4 c5 19. Nc3 Qf7 20. f4 Bg4 21.
f5 Ne7 22. Rdf1 Qc4 23. b3 Qb4 24. Kb2 Nc6 25. Qd3 Qb7 26. Rf2 Rhf8 27. Nd5 Nb4
28. Nxb4 cxb4 29. Rd2 Bxf5 30. Rxh5 Bxe4 31. Qc4 Rf3 32. Qe6+ Kb8 33. Bf2 Qc6
34. Qc4 Qxc4 35. bxc4 Rdf8 36. Be1 Rf1 37. Re2 Bf3 0-1

[Event "European Senior Teams Chess Championshi"]
[Site "Rogaska Slatina"]
[Date "2012.03.27"]
[Round "1.17"]
[White "Ranki, Martti"]
[Black "Yeo, Michael J"]
[Result "0-1"]
[WhiteElo "1915"]
[BlackElo "2135"]
[PlyCount "34"]
[EventDate "2012.03.27"]
[WhiteTeam "FIN - TURKU"]
[BlackTeam "ENG 1"]

1. e4 e5 2. Nf3 Nc6 3. Bb5 a6 4. Ba4 d6 5. c3 f5 6. d3 Nf6 7. Nbd2 Be7 8. O-O
O-O 9. Re1 Kh8 10. Nf1 Qe8 11. Ng3 f4 12. Nf1 Qh5 13. h3 g5 14. N3h2 g4 15.
hxg4 Nxg4 16. b4 Rf6 17. g3 Rh6 0-1

[Event "European Senior Teams Chess Championshi"]
[Site "Rogaska Slatina"]
[Date "2012.03.27"]
[Round "1.18"]
[White "Strand, Oyvin"]
[Black "Woeber, Friedrich"]
[Result "1/2-1/2"]
[WhiteElo "1988"]
[BlackElo "2175"]
[PlyCount "28"]
[EventDate "2012.03.27"]
[WhiteTeam "NOR 3"]
[BlackTeam "AUT - NIEDEROSTERREICH"]

1. d4 Nf6 2. e3 d6 3. b3 g6 4. Bb2 Bg7 5. Nf3 O-O 6. Bd3 Nbd7 7. O-O e5 8. Nbd2
Re8 9. e4 exd4 10. Bxd4 c5 11. Bc3 d5 12. exd5 Nb6 13. d6 Qxd6 14. Nc4 Nxc4
1/2-1/2

[Event "European Senior Teams Chess Championshi"]
[Site "Rogaska Slatina"]
[Date "2012.03.27"]
[Round "1.18"]
[White "Henrichsen, Erland"]
[Black "Winiwarter, Felix"]
[Result "0-1"]
[WhiteElo "1978"]
[BlackElo "2162"]
[PlyCount "68"]
[EventDate "2012.03.27"]
[WhiteTeam "NOR 3"]
[BlackTeam "AUT - NIEDEROSTERREICH"]

1. d4 Nf6 2. Nf3 c5 3. d5 e6 4. Nc3 exd5 5. Nxd5 Nxd5 6. Qxd5 Nc6 7. Bd2 d6 8.
e3 Be6 9. Qg5 Qb6 10. b3 h6 11. Qh4 Be7 12. Qa4 Bf6 13. Rd1 O-O 14. Bd3 d5 15.
O-O Qc7 16. Rfe1 a6 17. Qa3 b6 18. c3 b5 19. Qc1 Rad8 20. Bb1 Bg4 21. Qc2 g6
22. c4 bxc4 23. bxc4 Bxf3 24. gxf3 Ne5 25. Kg2 Nxc4 26. Bc3 Bxc3 27. Qxc3 Qe5
28. Qc2 Rb8 29. f4 Qh5 30. h3 Rb2 31. Qd3 Qh4 32. Rf1 Re8 33. Kg1 Qxh3 34. Qxd5
Nxe3 0-1

[Event "European Senior Teams Chess Championshi"]
[Site "Rogaska Slatina"]
[Date "2012.03.27"]
[Round "1.18"]
[White "Bukacek, Emil"]
[Black "Kverndal, Leif"]
[Result "1-0"]
[WhiteElo "2155"]
[BlackElo "1914"]
[PlyCount "61"]
[EventDate "2012.03.27"]
[WhiteTeam "AUT - NIEDEROSTERREICH"]
[BlackTeam "NOR 3"]

1. e4 c5 2. Nc3 g6 3. f4 Bg7 4. Nf3 e6 5. d4 cxd4 6. Nxd4 Ne7 7. Be2 O-O 8. Be3
Nbc6 9. Qd2 d5 10. e5 Bd7 11. h4 Nxd4 12. Bxd4 Nf5 13. Bf2 Bc6 14. Bf3 h5 15.
Ne2 f6 16. Nd4 Nxd4 17. Bxd4 fxe5 18. fxe5 Rf5 19. O-O-O Bxe5 20. Bxe5 Rxe5 21.
g4 hxg4 22. Bxg4 Qe7 23. Rhg1 Qxh4 24. Qf4 Qh8 25. Bh3 Qg7 26. Rg3 Re4 27. Qg5
Rf8 28. Qd2 Kh7 29. Bg4 Qh6 30. Rh3 Qxh3 31. Bxh3 1-0

[Event "European Senior Teams Chess Championshi"]
[Site "Rogaska Slatina"]
[Date "2012.03.27"]
[Round "1.19"]
[White "Watzka, Horst"]
[Black "Marks, Ian A"]
[Result "1/2-1/2"]
[WhiteElo "2253"]
[BlackElo "1891"]
[PlyCount "43"]
[EventDate "2012.03.27"]
[WhiteTeam "AUT - STEIERMARK"]
[BlackTeam "SCO 2"]

1. e4 e5 2. Nf3 Nc6 3. Bb5 a6 4. Ba4 Nf6 5. O-O Be7 6. Bxc6 dxc6 7. d3 Nd7 8.
Nbd2 f6 9. Nc4 O-O 10. Nh4 c5 11. f4 Nb8 12. fxe5 fxe5 13. Rxf8+ Bxf8 14. Nf3
Bd6 15. Qe1 Nc6 16. Qg3 b5 17. Bg5 Qd7 18. Ne3 Nd4 19. Kh1 Nxf3 20. Qxf3 Bb7
21. Rf1 h6 22. Bh4 1/2-1/2